Una aplicación contable para la empresa española / (Record no. 44288)

MARC details
000 -LEADER
campo de control de longitud fija 00685nam a2200205 i 4500
001 - NÚMERO DE CONTROL
campo de control 44288
003 - IDENTIFICADOR DE NÚMERO DE CONTROL
campo de control ES-MaACL
005 - FECHA Y HORA DE LA ÚLTIMA TRANSACCIÓN
campo de control 20230906161009.0
007 - CAMPO FIJO DE DESCRIPCIÓN FÍSICA--INFORMACIÓN GENERAL
campo de control de longitud fija t|
008 - DATOS DE LONGITUD FIJA--INFORMACIÓN GENERAL
campo de control de longitud fija 030321s1965 sp ||||1| spa d
100 1# - ENTRADA PRINCIPAL--NOMBRE DE PERSONA
Nombre de persona Cienfuegos Castaño, Alejandro.
9 (RLIN) 38783
245 14 - MENCIÓN DEL TÍTULO
Título Una aplicación contable para la empresa española /
Mención de responsabilidad, etc. Alejandro Cienfuegos Castaño, Gonzalo León García, Carlos Borges Oliva.
260 ## - PUBLICACIÓN, DISTRIBUCIÓN, ETC.
Lugar de publicación, distribución, etc. Madrid :
Nombre del editor, distribuidor, etc. TALE,
Fecha de publicación, distribución, etc. [1965]
300 ## - DESCRIPCIÓN FÍSICA
Extensión 344 p. ;
Dimensiones 25 cm.
650 04 - PUNTO DE ACCESO ADICIONAL DE MATERIA--TÉRMINO DE MATERIA
Término de materia o nombre geográfico como elemento de entrada Contabilidad-
Subdivisión geográfica España.
9 (RLIN) 11308
700 1# - ENTRADA AGREGADA--NOMBRE PERSONAL
Nombre de persona León García, Gonzalo.
9 (RLIN) 71616
700 1# - ENTRADA AGREGADA--NOMBRE PERSONAL
Nombre de persona Borges Oliva, Carlos.
9 (RLIN) 30470
852 ## - LOCALIZACIÓN
Ubicación ES-MaACL
Número de control de estantería C-35713
Sublocalización o colección R.69137
852 ## - LOCALIZACIÓN
Ubicación ES-MaACL
Número de control de estantería C-29238
Holdings
Estatus retirado Estado de pérdida Estado de daño No para préstamo Biblioteca de origen Biblioteca actual Ubicación en estantería Fecha de adquisición Fuente de adquisición Total de préstamos Signatura topográfica completa Código de barras Visto por última vez Precio de reemplazo Tipo de ítem Koha
        Biblioteca del Ateneo de Madrid Biblioteca del Ateneo de Madrid Depósito 2 28/08/2014     C-29238 1193008 23/02/2023 23/02/2023 Libro impreso
        Biblioteca del Ateneo de Madrid Biblioteca del Ateneo de Madrid Depósito 2 17/01/2008     C-35713 1046609 23/02/2023 23/02/2023 Libro impreso